ELO UK Top 40 Hits - Statistics

General Stats
  • This quiz has been taken 26 times
  • The average score is 14 of 27
Answer Stats
Hint Answer % Correct
1976 Evil Woman
89%
1978 Mr Blue Sky
89%
1979 Don't Bring Me Down
79%
1977 Telephone Line
79%
1976 Livin' Thing
74%
1979 Confusion/Last Train to London
68%
1978 Wild West Hero
68%
1980 All Over the World
63%
1973 Roll Over Beethoven
63%
1977 Turn to Stone
63%
1973 Showdown
58%
1976 Strange Magic
58%
1978 Sweet Talkin' Woman
58%
1972 10538 Overture
47%
1981 Hold on Tight
47%
1979 Shine a Little Love
47%
1977 Rockaria
42%
1981 Twilight
42%
1980 Xanadu
42%
1986 Calling America
37%
1982 Here is the News/Ticket to the Moon
37%
1979 The Diary of Horace Wimp
37%
1983 Rock 'n' Roll is King
32%
1980 Don't Walk Away
21%
1980 I'm Alive
21%
1974 Ma-Ma-Belle
16%
1978 ELO EP
5%
No matching quizzes found
Score Distribution
Percent of People with Each Score
Percentile by Number Answered
Your Score History
You have not taken this quiz